Normal view
MARC view
Entry Personal Name
001 - CONTROL NUMBER
- control field: 1179498
003 - CONTROL NUMBER IDENTIFIER
- control field: OSt
005 - DATE AND TIME OF LATEST TRANSACTION
- control field: 20260324125830.0
008 - FIXED-LENGTH DATA ELEMENTS
- fixed length control field: 260324|| aca||aabn | a|a d
040 ## - CATALOGING SOURCE
- Original cataloging agency: OSt
- Transcribing agency: OSt
100 ## - HEADING--PERSONAL NAME
- Personal name: Donald G. Firesmith; Charles B. Hammons; Dietrich Falkenthal; Peter Capell; DeWitt T. Latimer IV; Tom Merendino
670 ## - SOURCE DATA FOUND
- Source citation: Work cat.: (OSt)1775089: Donald G. Firesmith; Charles B. Hammons; Dietrich Falkenthal; Peter Capell; DeWitt T. Latimer IV; Tom Merendino, The Method Framework for Engineering System Architectures
